Eurovision: The Presenters - Statistics

General Stats
  • This quiz has been taken 10 times
  • The average score is 17 of 69
Answer Stats
Year Answer % Correct
2013 Petra Mede
86%
2023 Alesha Dixon, Hannah Waddingham, Julia Sanina & Graham Norton
71%
2016 Petra Mede & Måns Zelmerlöw
71%
1960 Katie Boyle
57%
1963 Katie Boyle
57%
1968 Katie Boyle
57%
1974 Katie Boyle
57%
2024 Petra Mede & Malin Åkerman
57%
2022 Alessandro Cattelan, Laura Pausini & Mika
43%
1986 Åse Kleveland
43%
1997 Carrie Crowley & Ronan Keating
43%
2020/2021 Chantal Janzen, Edsilia Rombley, Jan Smit & Nikkie de Jager
43%
1985 Lill Lindfors
43%
2015 Mirjam Weichselbraun, Alice Tumler, Arabella Kiesbauer & Conchita Wurst
43%
2018 Sílvia Alberto, Daniela Ruah, Catarina Furtado & Filomena Cautela
43%
1998 Terry Wogan & Ulrika Jonsson
43%
1977 Angela Rippon
29%
2011 Anke Engelke, Judith Rakers & Stefan Raab
29%
1976 Corry Brokken
29%
1979 Daniel Pe'er & Yardena Arazi
29%
2019 Erez Tal, Bar Refaeli, Assi Azar & Lucy Ayoub
29%
1993 Fionnuala Sweeney
29%
2025 Hazel Brugger, Sandra Studer & Michelle Hunziker
29%
2007 Jaana Pelkonen & Mikko Leppilampi
29%
1975 Karin Falck
29%
2012 Leyla Aliyeva Quliyeva, Eldar Gasimov & Nargiz Birk-Petersen
29%
2014 Lise Rønne, Nikolaj Koppel & Pilou Asbæk
29%
1992 Lydia Capolicchio & Harald Treutiger
29%
2006 Maria Menounos & Sakis Rouvas
29%
1995 Mary Kennedy
29%
2017 Oleksandr Skichko, Volodymyr Ostapchuk & Timur Miroshnychenko
29%
1988 Pat Kenny & Michelle Rocca
29%
1957 Anaid Iplicjian
14%
2002 Annely Peebo & Marko Matvere
14%
1994 Cynthia Ní Mhurchú & Gerry Ryan
14%
1978 Denise Fabre & Léon Zitrone
14%
1984 Désirée Nosbusch
14%
1967 Erica Vaal
14%
2010 Erik Solbakken, Haddy N'jie & Nadia Hasnaoui
14%
1958 Hannie Lips
14%
1973 Helga Guitton
14%
1996 Ingvild Bryn & Morten Harket
14%
1959 Jacqueline Joubert
14%
1961 Jacqueline Joubert
14%
1982 Jan Leeming
14%
2008 Jovana Janković & Željko Joksimović
14%
2000 Kattis Ahlström & Anders Lundin
14%
2004 Korhan Abay & Meltem Cumbul
14%
1956 Lohengrin Filipello
14%
2005 Maria Efrosinina & Pavlo Shylko
14%
2003 Marie N & Renãrs Kaupers
14%
1983 Marlene Charell
14%
1980 Marlous Fluitsma
14%
1972 Moira Shearer
14%
2001 Natasja Crone Back & Søren Pilmark
14%
1990 Oliver Mlakar & Helga Vlahović
14%
1991 Toto Cutugno & Gigliola Cinquetti
14%
1987 Viktor Lazlo
14%
1970 Willy Dobbe
14%
1971 Bernadette Ní Ghallchóir
0%
1999 Dafna Dekel, Yigal Ravid & Sigal Shachmon
0%
1981 Doireann Ní Bhriain
0%
1989 Jacques Deschenaux & Lolita Morena
0%
1966 Josiane Shen
0%
1969 Laurita Valenzuela
0%
1964 Lotte Wæver
0%
1962 Mireille Delannoy
0%
2009 Natalia Vodianova & Andrey Malakhov, Ivan Urgant & Alsou Abramova
0%
1965 Renata Mauro
0%
No matching quizzes found
Score Distribution
Percent of People with Each Score
Percentile by Number Answered
Your Score History
You have not taken this quiz